000 006650000a22001570004500
001 10261
041 0 _aSPA
082 0 4 _aG 268.12 C2773c
245 1 0 _aCurso para maestros cristianos : Guía del instructor / Editorial Caribe, redactores.
260 _aMiami, FL., USA : Caribe
505 0 0 _avol. 1 : Ley e historia del Antiguo Testamento vol. 2 : Poesía y profecía del Antiguo Testamento vol. 3 : Síntesis del Nuevo Testamento vol. 4 : Conozcamos al alumno vol. 5 : El arte de enseñar vol. 6 : La escuela dominical en acción
942 _cBK
999 _c39875
_d39875
336 _atexto
_btxt
_2rdacontent
337 _2rdamedia
_asin mediación
_bn
338 _2rdacarrier
_avolumen
_bnc